000 00788nam a22001577a 4500
003 LRUA
005 20191115152646.0
008 191115b xxu||||| |||| 00| 0 eng d
040 _cRUA
082 _aAED SON 2018 B650 Or.1
100 _914013
_aSON SOPORLEAK សុន សុពណ៍លក្ខ
245 _athe study on household's livelihood in angkor treath commune, svay antor district, prey veng province ការសិក្សារពីកម្រិតជីវភាពរបស់ប្រជាជន នៅឃុំអង្គរទ្រេត ស្រុកស្វាយអន្ទរ ខេត្តព្រៃវែង
260 _aRUA
_bPhnom penh
_c2018
300 _axii;56p
_bill;
_c29cm
942 _2ddc
_cAED
999 _c18395
_d18395